[Event "14th Costa del Sol it"]
[Site "Torremolinos ESP"]
[Date "1974.01.05"]
[Round "1"]
[White "Tarjan, James Edward"]
[Black "Lombardy, William"]
[Result "1-0"]
[WhiteElo "2415"]
[BlackElo "2520"]
[EventDate "1974.02.05"]
[PlyCount "71"]

1.e4 c5 2.Nf3 e6 3.d4 cxd4 4.Nxd4 Nf6 5.Nc3 d6 6.g4 Nfd7 7.Be3 a6 8.Bd3 
Be7 9.g5 Nc6 10.h4 O-O 11.Qd2 Nxd4 12.Bxd4 b5 13.a3 Ne5 14.Be2 Bb7 15.f4 
Nd7 16.O-O-O e5 17.Be3 exf4 18.Bxf4 Nc5 19.Bf3 Qb6 20.Qd4 Rac8 21.Kb1 Rfe8
22.h5 Qa5 23.Bg4 Ne6 24.Bxe6 fxe6 25.Bxd6 e5 26.Qe3 Bxd6 27.Rxd6 b4 28.
axb4 Qxb4 29.Rhd1 a5 30.h6 g6 31.Rd7 Rb8 32.Rg7+ Kh8 33.Rdd7 Bd5 34.Rxh7+ 
Kg8 35.Rdg7+ Kf8 36.Rh8+ 1-0

[Event "14th Costa del Sol it"]
[Site "Torremolinos ESP"]
[Date "1974.01.05"]
[Round "1"]
[White "Langeweg, Christiaan"]
[Black "Quinteros, Miguel Angel"]
[Result "1/2-1/2"]
[WhiteElo "2430"]
[BlackElo "2520"]
[EventDate "1974.02.05"]
[PlyCount "81"]

1.c4 e5 2.Nc3 d6 3.Nf3 Nc6 4.d4 Bg4 5.d5 Nce7 6.e4 g6 7.Be2 Bg7 8.O-O Nf6 
9.Ne1 Bxe2 10.Qxe2 O-O 11.Nd3 Nd7 12.b4 f5 13.f3 f4 14.c5 Nf6 15.cxd6 cxd6
16.a4 g5 17.Bd2 h5 18.Rfc1 Ng6 19.Nb5 Rf7 20.a5 a6 21.Na3 Bf8 22.Nc4 Rg7 
23.Nb6 Rb8 24.Be1 g4 25.Kh1 Nd7 26.fxg4 hxg4 27.Qxg4 Nxb6 28.axb6 Qxb6 29.
Bf2 Qb5 30.Qe6+ Kh8 31.Rc3 Rd8 32.Qf5 Ne7 33.Qh3+ Rh7 34.Qg4 Ng8 35.Ra5 
Qd7 36.Qxd7 Rdxd7 37.Bb6 Be7 38.Ra1 Bh4 39.Bf2 Bd8 40.Rc8 Nf6 41.Re1 {und 
nach 57 Zugen} 1/2-1/2

[Event "14th Costa del Sol it"]
[Site "Torremolinos ESP"]
[Date "1974.01.05"]
[Round "1"]
[White "Ruiz Gutierrez, Manuel"]
[Black "Martin Gonzalez, Angel"]
[Result "1/2-1/2"]
[WhiteElo "2280"]
[BlackElo "2275"]
[EventDate "1974.02.05"]
[PlyCount "83"]

1.e4 c5 2.Nf3 Nc6 3.d4 cxd4 4.Nxd4 g6 5.Be2 Bg7 6.Be3 Nf6 7.Nc3 O-O 8.O-O 
d5 9.exd5 Nb4 10.Qd2 Nbxd5 11.Nxd5 Nxd5 12.Bh6 Bxh6 13.Qxh6 Qb6 14.Rad1 
Qxb2 15.Bc4 Nf6 16.Bb3 Bg4 17.f3 Rad8 18.Qe3 Bc8 19.Nb5 Rxd1 20.Rxd1 Be6 
21.c4 a5 22.Qe1 Nh5 23.Qxa5 Nf4 24.Qd2 Qe5 25.Nc3 Qxc3 26.Qxf4 Rc8 27.h4 
Qb4 28.Qe5 h5 29.Rd4 Kh7 30.c5 Rxc5 31.Rxb4 Rxe5 32.Bxe6 Rxe6 33.Rxb7 Kg7 
34.a4 Re2 35.a5 Kf6 36.a6 Ra2 37.a7 e5 38.Kf1 Ke6 39.Ke1 f5 40.Rb6+ Kf7 
41.Rb7+ Ke6 42.Rb6+ 1/2-1/2

[Event "14th Costa del Sol it"]
[Site "Torremolinos ESP"]
[Date "1974.01.05"]
[Round "1"]
[White "Cardoso, Rodolfo Tan"]
[Black "Torre, Eugenio"]
[Result "1/2-1/2"]
[WhiteElo "2375"]
[BlackElo "2430"]
[EventDate "1974.02.05"]
[PlyCount "44"]

1.g3 g6 2.Bg2 Bg7 3.c4 e5 4.e3 c5 5.Nc3 Ne7 6.Nge2 Nbc6 7.Nd5 Nxd5 8.cxd5 
Nb4 9.d3 d6 10.a3 Na6 11.O-O O-O 12.f4 exf4 13.gxf4 Bg4 14.h3 Bd7 15.Rb1 
Qc8 16.Kh2 c4 17.dxc4 Qxc4 18.b3 Qc5 19.b4 Qb6 20.Ng3 Rac8 21.e4 Bb5 22.
Re1 Qd4 1/2-1/2

[Event "14th Costa del Sol it"]
[Site "Torremolinos ESP"]
[Date "1974.01.05"]
[Round "1"]
[White "Ostojic, Predrag"]
[Black "Gheorghiu, Florin"]
[Result "1/2-1/2"]
[WhiteElo "2440"]
[BlackElo "2550"]
[EventDate "1974.02.05"]
[PlyCount "145"]

1.e4 c5 2.Nf3 d6 3.d4 cxd4 4.Nxd4 Nf6 5.Nc3 Nc6 6.Bg5 e6 7.Qd2 h6 8.Bxf6 
gxf6 9.O-O-O a6 10.f4 Qb6 11.Nb3 Bd7 12.Kb1 O-O-O 13.Be2 h5 14.Rhf1 Kb8 
15.Qe1 Be7 16.Rf3 Rdg8 17.Rg3 Rg6 18.f5 Rg5 19.h4 Rxg3 20.Qxg3 Ne5 21.fxe6
fxe6 22.Nd4 Ka7 23.Qh3 Bd8 24.Qe3 Kb8 25.Qg3 Be7 26.Qh3 Qc5 27.Qg3 Qc8 28.
Qe3 Bd8 29.Bf3 Bb6 30.Qc1 Nc4 31.Rd3 Ne5 32.Rd1 Nc4 33.Rd3 Ne5 34.Rd1 Qc5 
35.Nce2 Nxf3 36.gxf3 Qe5 37.c3 Qh2 38.Qf4 Qxf4 39.Nxf4 e5 40.Nd5 Bd8 41.
Nf5 Bxf5 42.exf5 Rg8 43.c4 Rg3 44.f4 Kc8 45.c5 dxc5 46.fxe5 fxe5 47.f6 Rf3
48.Re1 Rf5 49.f7 Rxf7 50.Rxe5 Bxh4 51.Rxh5 Bf2 52.Nc3 Kc7 53.Ne4 b6 54.
Nxf2 Rxf2 55.Rh6 Rd2 56.Kc1 Rd6 57.Rh5 Kc6 58.a4 b5 59.axb5+ axb5 60.Kc2 
Rg6 61.b3 Rg2+ 62.Kc1 Kb6 63.Rf5 Ka5 64.Rxc5 Kb4 65.Rh5 Rg3 66.Kb2 Rxb3+ 
67.Ka2 Rd3 68.Kb2 Rd2+ 69.Kc1 Rg2 70.Rh3 Ka4 71.Kb1 b4 72.Rf3 b3 73.Rf8 
1/2-1/2

[Event "14th Costa del Sol it"]
[Site "Torremolinos ESP"]
[Date "1974.01.05"]
[Round "1"]
[White "Estevez Morales, Guillermo"]
[Black "Westerinen, Heikki"]
[Result "0-1"]
[WhiteElo "2345"]
[BlackElo "2435"]
[EventDate "1974.02.05"]
[PlyCount "60"]

1.e4 Nf6 2.e5 Nd5 3.Nc3 c6 4.Nxd5 cxd5 5.d4 Nc6 6.Nf3 d6 7.Be2 Bg4 8.O-O 
e6 9.Bg5 Qb6 10.c4 dxc4 11.exd6 Bxd6 12.d5 Bxf3 13.dxc6 Bd5 14.cxb7 Qxb7 
15.Qa4+ Qd7 16.Qa6 O-O 17.Rac1 Rfc8 18.Rfd1 Rc6 19.Qa4 Qc7 20.h3 Rb8 21.
Rd2 Bb4 22.Rd4 Qe5 23.Bf4 Qxd4 24.Bxb8 Bc5 25.Bg3 Bf8 26.Rd1 Qxb2 27.Rxd5 
exd5 28.Qxc6 Qxe2 29.Qxd5 c3 30.Qc6 Qd2 0-1

[Event "14th Costa del Sol it"]
[Site "Torremolinos ESP"]
[Date "1974.01.06"]
[Round "2"]
[White "Tarjan, James Edward"]
[Black "Ruiz Gutierrez, Manuel"]
[Result "1/2-1/2"]
[WhiteElo "2415"]
[BlackElo "2280"]
[EventDate "1974.02.05"]
[PlyCount "106"]

1.e4 e5 2.Nf3 Nf6 3.Nxe5 d6 4.Nf3 Nxe4 5.d4 Nf6 6.Bd3 Bg4 7.O-O Be7 8.Re1 
O-O 9.Nbd2 Nbd7 10.Nf1 Re8 11.Ng3 Nf8 12.h3 Bh5 13.Nxh5 Nxh5 14.d5 g6 15.
c3 c5 16.dxc6 bxc6 17.Nd4 Qd7 18.Be3 Ng7 19.Qa4 Rac8 20.Rad1 Nge6 21.Ba6 
Rc7 22.Nb5 c5 23.b3 Rc6 24.Na3 Nc7 25.Bb7 Rb6 26.Bf3 Qxa4 27.bxa4 Bf6 28.
Nc4 Bxc3 29.Nxb6 Bxe1 30.Nc4 d5 31.Bxd5 Nxd5 32.Rxd5 Ne6 33.Rd7 a6 34.Ra7 
f5 35.g3 g5 36.Kf1 Bc3 37.Rxa6 f4 38.gxf4 Nxf4 39.h4 gxh4 40.Bxf4 Re4 41.
Ra8+ Kg7 42.Ra7+ Kg8 43.Ra8+ Kg7 44.Ra7+ Kg8 45.a5 h3 46.Ra8+ Kg7 47.Ra7+ 
Kg8 48.Bd2 Rxc4 49.Bxc3 Rxc3 50.Kg1 Ra3 51.Kh2 c4 52.Rc7 Rxa5 53.Rxc4 Rxa2
1/2-1/2

[Event "14th Costa del Sol it"]
[Site "Torremolinos ESP"]
[Date "1974.01.06"]
[Round "2"]
[White "Torre, Eugenio"]
[Black "Langeweg, Christiaan"]
[Result "1-0"]
[WhiteElo "2430"]
[BlackElo "2430"]
[EventDate "1974.02.05"]
[PlyCount "101"]

1.e4 c5 2.Nf3 e6 3.d3 Nc6 4.g3 g6 5.Bg2 Bg7 6.O-O Nge7 7.Re1 d6 8.c3 e5 9.
Be3 O-O 10.Qd2 f5 11.Na3 f4 12.gxf4 Bg4 13.h4 Bxf3 14.Bxf3 exf4 15.Bxf4 
Be5 16.Bxe5 Nxe5 17.Be2 Rf3 18.Qg5 Qd7 19.d4 Nf7 20.Qg2 Rf4 21.Bb5 Qe6 22.
Bc4 Qf6 23.Nb5 cxd4 24.Nxd4 Kh8 25.Bxf7 Qxf7 26.Qg3 Rg8 27.Ne6 Rf3 28.Qxd6
h6 29.Qe5+ Kh7 30.Re3 Rxf2 31.Rh3 Qf6 32.Qxf6 Rxf6 33.Nc5 b6 34.Nd3 Rgf8 
35.Kg2 Nc6 36.Rhh1 Rd6 37.Rad1 Rfd8 38.Nf2 R6d7 39.b4 Ne5 40.Kg3 b5 41.
Rxd7+ Rxd7 42.Rd1 Rc7 43.Rd5 Rxc3+ 44.Kf4 Nf7 45.Ng4 a6 46.Rd7 Kg8 47.Nf6+
Kf8 48.Ra7 Rh3 49.Ra8+ Kg7 50.e5 g5+ 51.Kf5 1-0

[Event "14th Costa del Sol it"]
[Site "Torremolinos ESP"]
[Date "1974.01.06"]
[Round "2"]
[White "Gheorghiu, Florin"]
[Black "Cardoso, Rodolfo Tan"]
[Result "1-0"]
[WhiteElo "2550"]
[BlackElo "2375"]
[EventDate "1974.02.05"]
[PlyCount "67"]

1.d4 g6 2.e4 c6 3.Nc3 d5 4.h3 Bg7 5.Nf3 Nf6 6.e5 Ne4 7.Bd3 Nxc3 8.bxc3 c5 
9.dxc5 Qa5 10.O-O O-O 11.Be3 Nd7 12.c4 dxc4 13.Bxc4 Nxe5 14.Nxe5 Bxe5 15.
Rb1 Bg7 16.Qf3 Qc7 17.Rb3 e6 18.Rfb1 Rb8 19.c6 b6 20.a4 Bd7 21.cxd7 Qxc4 
22.a5 Qc7 23.axb6 axb6 24.Rd1 Be5 25.Rbd3 Kg7 26.Bd2 Rfd8 27.Bb4 Qxc2 28.
Be7 Qc7 29.Qe3 b5 30.Rc1 Bh2+ 31.Kh1 Rxd7 32.Rxc7 Rxd3 33.Qxd3 Bxc7 34.
Qc3+ 1-0

[Event "14th Costa del Sol it"]
[Site "Torremolinos ESP"]
[Date "1974.01.06"]
[Round "2"]
[White "Bellon Lopez, Juan Manuel"]
[Black "Estevez Morales, Guillermo"]
[Result "0-1"]
[WhiteElo "2400"]
[BlackElo "2345"]
[EventDate "1974.02.05"]
[PlyCount "80"]

1.c4 Nf6 2.g3 g6 3.Bg2 Bg7 4.Nc3 O-O 5.d3 c5 6.e3 Nc6 7.Nge2 d6 8.O-O e5 
9.a3 Be6 10.Nd5 Qd7 11.Rb1 Bh3 12.Nxf6+ Bxf6 13.Bxh3 Qxh3 14.b4 b6 15.Nc3 
Ne7 16.Ne4 Qe6 17.Qg4 Nf5 18.f4 exf4 19.Qh3 Be7 20.Rxf4 d5 21.Nc3 dxc4 22.
dxc4 cxb4 23.Nd5 Bg5 24.Qg4 Bxf4 25.Qxf4 Rad8 26.e4 Nd4 27.Qe3 Nc2 28.Qf2 
Rxd5 29.exd5 Qe4 30.Bh6 Nd4 31.Rd1 Nf3+ 32.Kf1 Re8 33.Qb2 Ne5 34.Kg1 bxa3 
35.Qg2 Nf3+ 36.Kh1 Qe1+ 37.Qf1 Qe4 38.Qd3 Qe2 39.Rd2 Nxd2 40.Qxe2 Rxe2 0-1

[Event "14th Costa del Sol it"]
[Site "Torremolinos ESP"]
[Date "1974.01.06"]
[Round "2"]
[White "Westerinen, Heikki"]
[Black "Ostojic, Predrag"]
[Result "1/2-1/2"]
[WhiteElo "2435"]
[BlackElo "2440"]
[EventDate "1974.02.05"]
[PlyCount "82"]

1.e4 c5 2.Nf3 d6 3.d4 cxd4 4.Nxd4 Nf6 5.Nc3 Nc6 6.Bc4 e6 7.Be3 Be7 8.Qe2 
a6 9.O-O-O Qc7 10.Bb3 O-O 11.Rhg1 Nd7 12.g4 Nc5 13.Kb1 b5 14.g5 Bd7 15.a3 
Nxb3 16.cxb3 b4 17.Nxc6 Bxc6 18.axb4 Qb7 19.Rd4 Rfb8 20.Rc1 Bf8 21.f3 a5 
22.b5 Bxb5 23.Nxb5 Qxb5 24.Qxb5 Rxb5 25.Ka2 f5 26.gxf6 gxf6 27.Rg1+ Kf7 
28.Rc4 Rb7 29.Bd2 e5 30.Ra4 Rab8 31.Rxa5 Rxb3 32.Ra7+ R3b7 33.Rxb7+ Rxb7 
34.Rc1 d5 35.exd5 Rd7 36.Kb3 Rxd5 37.Rc7+ Kg6 38.Kc2 Bc5 39.Rc8 Bf2 40.b4 
Kf5 41.Rh8 Rd7 1/2-1/2

[Event "14th Costa del Sol it"]
[Site "Torremolinos ESP"]
[Date "1974.01.07"]
[Round "3"]
[White "Quinteros, Miguel Angel"]
[Black "Torre, Eugenio"]
[Result "1/2-1/2"]
[WhiteElo "2520"]
[BlackElo "2430"]
[EventDate "1974.02.05"]
[PlyCount "109"]

1.d4 Nf6 2.c4 g6 3.Nc3 Bg7 4.g3 O-O 5.Bg2 d6 6.Nf3 c5 7.O-O Nc6 8.d5 Na5 
9.Nd2 e5 10.b3 Ne8 11.e4 f5 12.exf5 gxf5 13.Bb2 a6 14.Qc2 Rb8 15.f4 e4 16.
Nd1 b5 17.Bxg7 Nxg7 18.Qc3 b4 19.Qb2 Nb7 20.Ne3 h5 21.h3 Bd7 22.Rae1 a5 
23.g4 hxg4 24.hxg4 fxg4 25.Nxe4 Qh4 26.Qf2 Qxf2+ 27.Rxf2 a4 28.bxa4 Ra8 
29.Ng3 Rxa4 30.f5 Ra3 31.Be4 Ne8 32.Nh5 Kf7 33.Nxg4 Rh8 34.Nf4 Nf6 35.Nxf6
Kxf6 36.Ree2 Na5 37.Bd3 Rh4 38.Ng2 Rg4 39.Rf3 Nxc4 40.Rh3 Ne5 41.Rh6+ Kg5 
42.Rxd6 Rxd3 43.Rxe5 Bxf5 44.Re2 c4 45.Rd8 c3 46.Kf2 Re4 47.Rxe4 Bxe4 48.
Ne1 Rd2+ 49.Ke3 Rxa2 50.Kxe4 Re2+ 51.Kd3 Rxe1 52.Rb8 Rb1 53.d6 Rb2 54.d7 
Rd2+ 55.Ke3 1/2-1/2

[Event "14th Costa del Sol it"]
[Site "Torremolinos ESP"]
[Date "1974.01.07"]
[Round "3"]
[White "Langeweg, Christiaan"]
[Black "Gheorghiu, Florin"]
[Result "1/2-1/2"]
[WhiteElo "2430"]
[BlackElo "2550"]
[EventDate "1974.02.05"]
[PlyCount "24"]

1.Nf3 Nf6 2.b3 g6 3.Bb2 Bg7 4.g3 O-O 5.Bg2 d5 6.c4 c6 7.O-O Bg4 8.d3 Bxf3 
9.Bxf3 e6 10.Nd2 Nbd7 11.Qc2 a5 12.a3 Ne8 1/2-1/2

[Event "14th Costa del Sol it"]
[Site "Torremolinos ESP"]
[Date "1974.01.07"]
[Round "3"]
[White "Estevez Morales, Guillermo"]
[Black "Martin Gonzalez, Angel"]
[Result "1-0"]
[WhiteElo "2345"]
[BlackElo "2275"]
[EventDate "1974.02.05"]
[PlyCount "63"]

1.d4 Nf6 2.c4 c5 3.d5 e6 4.Nc3 exd5 5.cxd5 d6 6.Nf3 g6 7.Bf4 a6 8.a4 Bg7 
9.e4 O-O 10.Be2 Bg4 11.Nd2 Bxe2 12.Qxe2 Nh5 13.Be3 Nd7 14.O-O Qe7 15.g4 
Nhf6 16.Bg5 Rfe8 17.Rae1 Ne5 18.f4 Nexg4 19.h3 Nh6 20.e5 Qc7 21.Bxf6 Bxf6 
22.Nde4 Bxe5 23.fxe5 Rxe5 24.Qh2 Nf5 25.Nf6+ Kg7 26.Rxe5 dxe5 27.Nce4 c4 
28.a5 b5 29.Kh1 b4 30.Rxf5 gxf5 31.Qg3+ Kf8 32.d6 1-0

[Event "14th Costa del Sol it"]
[Site "Torremolinos ESP"]
[Date "1974.01.07"]
[Round "3"]
[White "Cardoso, Rodolfo Tan"]
[Black "Westerinen, Heikki"]
[Result "0-1"]
[WhiteElo "2375"]
[BlackElo "2435"]
[EventDate "1974.02.05"]
[PlyCount "81"]

1.e4 Nf6 2.Nc3 e5 3.Nf3 Nc6 4.Bb5 Nd4 5.Nxd4 exd4 6.Ne2 Nxe4 7.O-O Bc5 8.
b4 Bxb4 9.c3 dxc3 10.Qa4 Qe7 11.dxc3 Bc5 12.Bd3 f5 13.Bf4 O-O 14.Rae1 d5 
15.Qb3 Kh8 16.c4 dxc4 17.Bxc4 c6 18.a4 a6 19.Ng3 b5 20.Bd3 Be6 21.Qc2 Nxg3
22.hxg3 Bb4 23.Re3 Qd7 24.Rd1 Bd5 25.Re5 Bd6 26.Rxf5 Bxf4 27.gxf4 Rxf5 28.
Bxf5 Qf7 29.Re1 h6 30.g4 Re8 31.Re3 Rd8 32.g5 Rf8 33.Bg4 Qxf4 34.gxh6 gxh6
35.Rg3 Qd4 36.axb5 cxb5 37.Bh3 Qa1+ 38.Bf1 Bc4 39.Kh2 Bxf1 40.Rg6 Rf6 41.
Rg3 0-1

[Event "14th Costa del Sol it"]
[Site "Torremolinos ESP"]
[Date "1974.01.07"]
[Round "3"]
[White "Ostojic, Predrag"]
[Black "Bellon Lopez, Juan Manuel"]
[Result "1-0"]
[WhiteElo "2440"]
[BlackElo "2400"]
[EventDate "1974.02.05"]
[PlyCount "109"]

1.e4 c5 2.Nf3 g6 3.d4 Bg7 4.d5 d6 5.Be2 Bg4 6.Nfd2 Bxe2 7.Qxe2 Nd7 8.a4 
Ngf6 9.O-O O-O 10.Nc3 e6 11.dxe6 fxe6 12.Nc4 Nb6 13.e5 dxe5 14.Qxe5 Kh8 
15.Qe2 Nxc4 16.Qxc4 Qd4 17.Qe2 Qh4 18.h3 Nd5 19.Ne4 Nf4 20.Bxf4 Rxf4 21.
Rae1 Raf8 22.c3 R4f5 23.Qg4 Qd8 24.Rd1 Qb6 25.Qe2 Re5 26.Rfe1 Qb3 27.Qb5 
c4 28.Qxb3 cxb3 29.Rd7 Rb8 30.Kf1 a5 31.f3 b5 32.axb5 Rexb5 33.Red1 Rd5 
34.R1xd5 exd5 35.Rxd5 Ra8 36.Rb5 a4 37.Ke2 Kg8 38.Rb7 a3 39.bxa3 Rxa3 40.
Kd3 h6 41.h4 h5 42.g3 Kh7 43.Kc4 Ra1 44.Rxb3 Rf1 45.Rb7 Kh6 46.f4 Rf3 47.
Re7 Re3 48.Re6 Bxc3 49.f5 Bb2 50.Rxg6+ Kh7 51.Ng5+ Kh8 52.f6 Rf3 53.Kd5 
Rf2 54.f7 Rf1 55.Ne6 1-0

[Event "14th Costa del Sol it"]
[Site "Torremolinos ESP"]
[Date "1974.01.08"]
[Round "4"]
[White "Gheorghiu, Florin"]
[Black "Quinteros, Miguel Angel"]
[Result "1/2-1/2"]
[WhiteElo "2550"]
[BlackElo "2520"]
[EventDate "1974.02.05"]
[PlyCount "32"]

1.d4 Nf6 2.c4 c5 3.d5 e6 4.Nc3 exd5 5.cxd5 g6 6.Nf3 d6 7.g3 Bg7 8.Nd2 O-O 
9.Bg2 Re8 10.O-O a6 11.a4 Nbd7 12.h3 Rb8 13.Nc4 Nb6 14.Ne3 Nbd7 15.Nc4 Nb6
16.Ne3 Nbd7 1/2-1/2

[Event "14th Costa del Sol it"]
[Site "Torremolinos ESP"]
[Date "1974.01.08"]
[Round "4"]
[White "Tarjan, James Edward"]
[Black "Estevez Morales, Guillermo"]
[Result "1-0"]
[WhiteElo "2415"]
[BlackElo "2345"]
[EventDate "1974.02.05"]
[PlyCount "73"]

1.e4 c5 2.Nf3 Nc6 3.d4 cxd4 4.Nxd4 Qb6 5.Nb3 Nf6 6.Nc3 e6 7.Bd3 Be7 8.Be3 
Qc7 9.f4 d6 10.g4 a6 11.g5 Nd7 12.Qh5 g6 13.Qh6 Bf8 14.Qh3 Bg7 15.O-O h6 
16.gxh6 Bxh6 17.Rae1 Bg7 18.Qg2 Nf8 19.Na4 b5 20.Nb6 Rb8 21.Nxc8 Rxc8 22.
c3 Nd7 23.Nd4 Nc5 24.Bb1 Bh6 25.Rf3 Kd7 26.Rd1 Rcd8 27.Nxb5 axb5 28.Bxc5 
Kc8 29.Be3 e5 30.Qf2 exf4 31.Bxf4 Bxf4 32.Rxf4 Ne5 33.Bd3 Qc5 34.Qd4 Rh3 
35.Be2 Re3 36.Kf1 g5 37.Rf5 {Time} 1-0

[Event "14th Costa del Sol it"]
[Site "Torremolinos ESP"]
[Date "1974.01.08"]
[Round "4"]
[White "Westerinen, Heikki"]
[Black "Langeweg, Christiaan"]
[Result "1-0"]
[WhiteElo "2435"]
[BlackElo "2430"]
[EventDate "1974.02.05"]
[PlyCount "91"]

1.e4 c5 2.Nf3 e6 3.d4 cxd4 4.Nxd4 Nc6 5.Nc3 d6 6.Be2 Nf6 7.O-O Be7 8.Be3 
Bd7 9.Nb3 a6 10.a4 Na5 11.Nd4 Rc8 12.f4 Rxc3 13.bxc3 Nxe4 14.Qe1 Qc7 15.
Nb3 O-O 16.Bd4 f5 17.Bd3 Nf6 18.Bxf5 exf5 19.Nxa5 Ne4 20.Nb3 Re8 21.Rf3 
Bf8 22.Re3 Bc6 23.Nd2 Qf7 24.Nxe4 Bxe4 25.Qd2 Re6 26.Rg3 Rg6 27.Rxg6 Qxg6 
28.Rb1 Qe8 29.Rb4 Qe6 30.Qe2 Kf7 31.c4 Be7 32.Rb3 Bf6 33.c3 Bd8 34.Rb2 Be7
35.Rb6 Bd8 36.Qh5+ Kg8 37.Rb2 g6 38.Qe2 Qe7 39.Bb6 Bxb6+ 40.Rxb6 Qc7 41.
Rb2 Qc6 42.h3 Kf7 43.Kh2 Ke6 44.a5 Qc7 45.Rb6 Kd7 46.Qd2 1-0

[Event "14th Costa del Sol it"]
[Site "Torremolinos ESP"]
[Date "1974.01.08"]
[Round "4"]
[White "Martin Gonzalez, Angel"]
[Black "Ostojic, Predrag"]
[Result "1-0"]
[WhiteElo "2275"]
[BlackElo "2440"]
[EventDate "1974.02.05"]
[PlyCount "62"]

1.e4 c5 2.Nf3 d6 3.d4 cxd4 4.Nxd4 Nf6 5.Nc3 e6 6.Be3 a6 7.Bc4 b5 8.Bb3 Bb7
9.f3 Nbd7 10.g4 h6 11.Qe2 b4 12.Na4 d5 13.O-O-O dxe4 14.f4 Nd5 15.f5 Qf6 
16.fxe6 fxe6 17.Rhf1 Qg6 18.Kb1 Rc8 19.Bf2 Bd6 20.Bg3 Bxg3 21.hxg3 Ne5 22.
Nf5 Nf7 23.Ka1 Qg5 24.Qxe4 O-O 25.Qxe6 Nc7 26.Qd7 Kh7 27.Bxf7 Rfd8 28.Qe7 
Rxd1+ 29.Rxd1 Qxg4 30.Bh5 Qg5 31.Qxg5 hxg5 {und nach 39 Zugen wg. 
Zeituberschreitung} 1-0

[Event "14th Costa del Sol it"]
[Site "Torremolinos ESP"]
[Date "1974.01.08"]
[Round "4"]
[White "Bellon Lopez, Juan Manuel"]
[Black "Cardoso, Rodolfo Tan"]
[Result "0-1"]
[WhiteElo "2400"]
[BlackElo "2375"]
[EventDate "1974.02.05"]
[PlyCount "122"]

1.c4 g6 2.g3 c6 3.Bg2 d5 4.Nf3 Bg7 5.O-O e5 6.cxd5 cxd5 7.d3 Nc6 8.Nc3 
Nge7 9.e3 O-O 10.Qb3 h6 11.a4 Be6 12.Qa3 a5 13.Ne1 Nb4 14.Bd2 Nec6 15.Nb5 
Qb6 16.Rc1 Rfd8 17.b3 Bg4 18.Qb2 Rac8 19.h3 Be6 20.Qb1 Na6 21.Nc2 d4 22.
Nca3 Ncb4 23.exd4 Bf5 24.Bxb4 Nxb4 25.Rxc8 Rxc8 26.Rd1 Be6 27.dxe5 Bxe5 
28.d4 Bf6 29.d5 Bf5 30.Be4 Bxh3 31.Nc4 Qd8 32.d6 Nc6 33.Qd3 Kg7 34.d7 Rb8 
35.Nbd6 Qxd7 36.Nf5+ Bxf5 37.Qxd7 Bxd7 38.Rxd7 Ne5 39.Nxe5 Bxe5 40.Bxb7 
Bc3 41.Bd5 Rf8 42.f4 g5 43.Kf2 g4 44.Bc4 Bb4 45.Be2 h5 46.Rd5 Kh6 47.Bc4 
f6 48.Rb5 Re8 49.Bf7 Be1+ 50.Kf1 Re3 51.Bxh5 Bxg3 52.Bxg4 Bxf4 53.Rxa5 
Rxb3 54.Ra8 Ra3 55.a5 Be3 56.a6 Kg5 57.Rg8+ Kf4 58.Bc8 Ra2 59.Rg7 Bd4 60.
Rg4+ Kf3 61.Ke1 Be3 0-1

[Event "14th Costa del Sol it"]
[Site "Torremolinos ESP"]
[Date "1974.01.09"]
[Round "5"]
[White "Torre, Eugenio"]
[Black "Gheorghiu, Florin"]
[Result "1/2-1/2"]
[WhiteElo "2430"]
[BlackElo "2550"]
[EventDate "1974.02.05"]
[PlyCount "37"]

1.e4 c5 2.Nf3 e6 3.d3 Nc6 4.g3 g6 5.Bg2 Bg7 6.O-O Nge7 7.Re1 d6 8.c3 e5 9.
Be3 O-O 10.Qd2 f5 11.Na3 Kh8 12.exf5 Nxf5 13.Bg5 Qd7 14.g4 Nfe7 15.h3 Nd5 
16.d4 cxd4 17.cxd4 Nf4 18.Bxf4 Rxf4 19.dxe5 1/2-1/2

[Event "14th Costa del Sol it"]
[Site "Torremolinos ESP"]
[Date "1974.01.09"]
[Round "5"]
[White "Estevez Morales, Guillermo"]
[Black "Ruiz Gutierrez, Manuel"]
[Result "1-0"]
[WhiteElo "2345"]
[BlackElo "2280"]
[EventDate "1974.02.05"]
[PlyCount "91"]

1.Nf3 Nf6 2.c4 e6 3.g3 d5 4.Bg2 Be7 5.b3 O-O 6.Bb2 c5 7.O-O Nc6 8.e3 d4 9.
d3 Ne8 10.exd4 cxd4 11.Na3 e5 12.Re1 f6 13.Nc2 Nc7 14.a3 a5 15.Rb1 Na6 16.
Qe2 Bd6 17.Bc1 Nc5 18.b4 axb4 19.axb4 Na4 20.Bd2 Bf5 21.Nh4 Be6 22.b5 Na5 
23.Nxd4 Bf7 24.Ndf5 Kh8 25.Nxd6 Qxd6 26.Bb4 Nc5 27.Nf5 Qb6 28.Qe3 Rac8 29.
Bxa5 Qxa5 30.Nd6 Bg6 31.Nxc8 Rxc8 32.Bh3 f5 33.Qxe5 Nxd3 34.Qe6 Qa8 35.Re3
Nc5 36.Qd6 Qa2 37.Rd1 Qxc4 38.Qd8+ Qg8 39.Qxg8+ Kxg8 40.b6 Na4 41.Re7 Nxb6
42.Rxb7 Na4 43.Rdd7 Kh8 44.Bf1 f4 45.Rd4 Nc5 46.Rc7 1-0

[Event "14th Costa del Sol it"]
[Site "Torremolinos ESP"]
[Date "1974.01.09"]
[Round "5"]
[White "Quinteros, Miguel Angel"]
[Black "Westerinen, Heikki"]
[Result "1-0"]
[WhiteElo "2520"]
[BlackElo "2435"]
[EventDate "1974.02.05"]
[PlyCount "99"]

1.Nf3 Nf6 2.g3 g6 3.Bg2 Bg7 4.O-O O-O 5.d4 d6 6.c4 Bf5 7.Nc3 Qc8 8.Ne1 e5 
9.d5 e4 10.Bg5 Re8 11.Nc2 Bh3 12.Qd2 Bxg2 13.Kxg2 Nbd7 14.Nd4 Re7 15.f3 
Qf8 16.fxe4 h6 17.Bxf6 Bxf6 18.Rf2 Qg7 19.e3 h5 20.Raf1 Bg5 21.Nc2 Ne5 22.
Na3 Qh6 23.Re2 h4 24.gxh4 Bxh4 25.Kh1 Kg7 26.Rg2 Rh8 27.Qe2 Rh7 28.Nab5 a6
29.Nd4 Kh8 30.Rfg1 Re8 31.b4 Bf6 32.Nd1 Qh3 33.c5 dxc5 34.bxc5 Nd7 35.c6 
bxc6 36.Nxc6 Nc5 37.Nf2 Qh4 38.e5 Ne4 39.Nd3 Bg7 40.Rg4 Nc3 41.Rxh4 Nxe2 
42.Rxh7+ Kxh7 43.Rf1 f5 44.exf6 Bf8 45.Nde5 Nc3 46.f7 Rc8 47.Nd7 Nxd5 48.
e4 Ne3 49.Rf3 Nc2 50.e5 1-0

[Event "14th Costa del Sol it"]
[Site "Torremolinos ESP"]
[Date "1974.01.09"]
[Round "5"]
[White "Ostojic, Predrag"]
[Black "Tarjan, James Edward"]
[Result "0-1"]
[WhiteElo "2440"]
[BlackElo "2415"]
[EventDate "1974.02.05"]
[PlyCount "69"]

1.e4 c5 2.Nf3 d6 3.d4 cxd4 4.Nxd4 Nf6 5.Nc3 g6 6.Be3 Bg7 7.f3 Nc6 8.Qd2 
O-O 9.Bc4 Bd7 10.h4 Rc8 11.Bb3 Ne5 12.O-O-O Nc4 13.Bxc4 Rxc4 14.h5 Nxh5 
15.g4 Nf6 16.Nde2 Re8 17.Bh6 Bh8 18.e5 Nxg4 19.exd6 Nxh6 20.Qxh6 Bg7 21.
Qxh7+ Kf8 22.Qh2 Bc6 23.Rd3 exd6 24.Rhd1 d5 25.b3 Rh4 26.Qf2 Qf6 27.Qxa7 
Kg8 28.Nd4 Rh2 29.Kb1 Qd6 30.Qb6 Rg2 31.Nxc6 Qxc6 32.Qxc6 bxc6 33.a4 f5 
34.Na2 Ree2 35.Nb4 {Time} 0-1

[Event "14th Costa del Sol it"]
[Site "Torremolinos ESP"]
[Date "1974.01.09"]
[Round "5"]
[White "Langeweg, Christiaan"]
[Black "Bellon Lopez, Juan Manuel"]
[Result "1/2-1/2"]
[WhiteElo "2430"]
[BlackElo "2400"]
[EventDate "1974.02.05"]
[PlyCount "116"]

1.Nf3 c5 2.g3 b6 3.Bg2 Bb7 4.c4 g6 5.Nc3 Bg7 6.O-O e5 7.a3 Ne7 8.b4 d6 9.
e4 O-O 10.d3 h6 11.Nd5 Bxd5 12.cxd5 f5 13.bxc5 bxc5 14.Nd2 Nd7 15.Rb1 Rb8 
16.Rxb8 Qxb8 17.Qc2 g5 18.Bb2 Qc7 19.Bc3 g4 20.f3 h5 21.fxg4 fxg4 22.Nc4 
Nb6 23.Rxf8+ Kxf8 24.Ba5 Bh6 25.h3 Nec8 26.hxg4 hxg4 27.Qf2+ Qf7 28.Ne3 
Qxf2+ 29.Kxf2 Bxe3+ 30.Kxe3 Nd7 31.Bf1 Ncb6 32.Be2 Nf6 33.Bd1 Ke7 34.Bd2 
Kd8 35.Ke2 Kc7 36.Bg5 Nbd7 37.Bb3 Kb6 38.Kd2 Kb5 39.Kc3 Ka5 40.Bc4 Kb6 41.
Bb3 Kb5 42.Bc4+ Kb6 43.Kb3 Ka5 44.Bh4 Kb6 45.Ka4 a6 46.Kb3 Ka5 47.Kc3 Kb6 
48.Bb3 Kb5 49.Bd1 Ka5 50.Bg5 Kb5 51.Kb3 Ka5 52.Bd2+ Kb5 53.Be2 Kb6 54.a4 
Nb8 55.a5+ Kb7 56.Bg5 Nbd7 57.Kc3 Kc7 58.Bd1 Kb7 1/2-1/2

[Event "14th Costa del Sol it"]
[Site "Torremolinos ESP"]
[Date "1974.01.09"]
[Round "5"]
[White "Cardoso, Rodolfo Tan"]
[Black "Martin Gonzalez, Angel"]
[Result "1/2-1/2"]
[WhiteElo "2375"]
[BlackElo "2275"]
[EventDate "1974.02.05"]
[PlyCount "61"]

1.e4 c5 2.Nf3 Nc6 3.d4 cxd4 4.Nxd4 g6 5.Be3 Nf6 6.Nc3 Bg7 7.Be2 O-O 8.Nb3 
d6 9.g4 Be6 10.f4 Na5 11.Nxa5 Qxa5 12.Bd4 Rac8 13.g5 Nxe4 14.Bxg7 Kxg7 15.
Qd4+ Kg8 16.b4 Qc7 17.Nxe4 Qxc2 18.Ng3 Bc4 19.Qe3 Bxe2 20.Nxe2 Rc4 21.Rc1 
Qxa2 22.O-O Rxb4 23.f5 Qd5 24.Rcd1 Qe4 25.Qxe4 Rxe4 26.Ng3 Re5 27.f6 Re8 
28.h4 h6 29.gxh6 Kh7 30.fxe7 R8xe7 31.Rxd6 1/2-1/2

[Event "14th Costa del Sol it"]
[Site "Torremolinos ESP"]
[Date "1974.01.11"]
[Round "6"]
[White "Lombardy, William"]
[Black "Gheorghiu, Florin"]
[Result "1/2-1/2"]
[WhiteElo "2520"]
[BlackElo "2550"]
[EventDate "1974.02.05"]
[PlyCount "37"]

1.Nf3 g6 2.d4 Nf6 3.Bf4 Bg7 4.e3 O-O 5.h3 c5 6.c3 b6 7.Be2 d6 8.O-O Ba6 9.
Bh2 Qc8 10.Re1 Bxe2 11.Rxe2 Ne4 12.Nbd2 Qb7 13.Qc2 Nxd2 14.Rxd2 Nd7 15.a4 
Rfc8 16.Rdd1 a6 17.Qe2 b5 18.axb5 axb5 19.e4 1/2-1/2